| 000 -LEADER |
| fixed length control field |
00522nam a22002057a 4500 |
| 008 - FIXED-LENGTH DATA ELEMENTS--GENERAL INFORMATION |
| fixed length control field |
150622b xxu||||| |||| 00| 0 alb d |
| 020 ## - INTERNATIONAL STANDARD BOOK NUMBER |
| International Standard Book Number |
9992701943 |
| 041 0# - LANGUAGE CODE |
| Language code of text/sound track or separate title |
alb |
| 080 ## - UNIVERSAL DECIMAL CLASSIFICATION NUMBER |
| Universal Decimal Classification number |
33 |
| 100 ## - Rafti |
| Rafti |
Kristo, Ilia; |
| 245 ## - TITLE STATEMENT |
| Title |
Biznesi Ndërkombëtar / |
| Statement of responsibility, etc |
Ilia Kristo. |
| 250 ## - |
| -- |
2nd Edition |
| 260 ## - |
| -- |
Tiranë: |
| -- |
SHBLU; |
| -- |
2002. |
| 300 ## - |
| -- |
424 f.: |
| -- |
me il.; |
| -- |
24 cm. |
| 500 ## - |
| -- |
Parathënie: f.[iii]-vi |
| 650 #0 - |
| -- |
Tregëtia ndërkombëtare |
| 650 #0 - |
| -- |
Biznesi |
| 650 #0 - |
| -- |
Menaxhimi |
| 942 ## - ADDED ENTRY ELEMENTS (KOHA) |
| Source of classification or shelving scheme |
|
| Item type |
Books |